Canje : deuda por educación /
Guardado en:
| Autor Principal: | |
|---|---|
| Formato: | Libro |
| Publicado: |
Buenos Aires :
Uba : Facultad de Ciencias Económicas,
2009
|
| Materias: | |
| Etiquetas: |
Agregar Etiqueta
Sin Etiquetas, Sea el primero en etiquetar este registro!
|
| LEADER | 00796nam a22002415a 4500 | ||
|---|---|---|---|
| 001 | CEM.cems013215 | ||
| 005 | 20091113094024.0 | ||
| 008 | 130507s2009##################000#0#####d | ||
| 003 | CEMS | ||
| 082 | 0 | 4 | |a F330.982 |
| 100 | 1 | |a Ortiz, Guillermo | |
| 245 | 1 | 0 | |a Canje : |b deuda por educación / |c Adaptado Por Guillermo Ortiz |
| 260 | |a Buenos Aires : |b Uba : |b Facultad de Ciencias Económicas, |c 2009 | ||
| 300 | |a 25 p. | ||
| 500 | |a Historieta temática del Museo de la Deuda Externa | ||
| 653 | |a Economía argentina | ||
| 653 | |a Deuda externa argentina | ||
| 653 | |a Deuda externa-educación | ||
| 653 | |a Educación-deuda externa | ||
| 653 | |a Deuda externa-historieta | ||
| 653 | |a Historieta | ||
| 653 | |a Argentina-deuda externa | ||
| 859 | |a CEMS |b BIB. CEMS - 11 de abril |h F330.982 |i 6 |p 2226.44 |t Ej.1 | ||
